[Event "2022 Mary Thomson Cup (Division B)"]
[Site "Woodvale, Perth WA AUS"]
[Date "2022.02.23"]
[Round "4"]
[White "Gough, Dylan"]
[Black "Hintz, Steven"]
[Result "1/2-1/2"]
[WhiteElo "1699"]
[BlackElo "1558"]
[PlyCount "154"]
[EventDate "2022.02.02"]
[EventType "tourn"]
[EventRounds "7"]
[EventCountry "AUS"]

1. d4 d5 2. c4 e6 3. Nc3 Nf6 4. e3 c6 5. cxd5 exd5 6. Bd3 Bd6 7. h3 b6 8. b3
Ba6 9. Bb2 Bxd3 10. Qxd3 O-O 11. Nf3 Nbd7 12. O-O Re8 13. Nd2 Nf8 14. Rfe1 Ng6
15. Rac1 Rc8 16. e4 dxe4 17. Ncxe4 Nd5 18. Nxd6 Rxe1+ 19. Rxe1 Qxd6 20. Nc4 Qf6
21. Qe4 h6 22. Qg4 Rc7 23. Re4 Ngf4 24. Ne5 Qg5 25. Qxg5 hxg5 26. Bc1 f6 27.
Bxf4 Nxf4 28. Nf3 Nd5 29. Re2 Kf7 30. a3 Nf4 31. Re3 Nd5 32. Re2 Re7 33. Rc2
Rc7 34. g3 Ke7 35. Kf1 Kd6 36. Nd2 Re7 37. Nc4+ Kd7 38. Re2 Nc7 39. Rxe7+ Kxe7
40. Ke2 Ke6 41. Kd3 f5 42. Ne5 Kd5 43. a4 Ne6 44. Nc4 b5 45. axb5 cxb5 46. Ne3+
Kc6 47. Nxf5 a5 48. Ne3 Nc7 49. f4 gxf4 50. gxf4 Nd5 51. Nxd5 Kxd5 52. f5 a4
53. bxa4 bxa4 54. f6 gxf6 55. h4 f5 56. h5 f4 57. h6 f3 58. Ke3 a3 59. h7 a2
60. h8=Q a1=Q 61. Qe5+ Kc4 62. Qc5+ Kb3 63. Kxf3 Qf1+ 64. Ke4 Qg2+ 65. Ke5 Qg5+
66. Kd6 Qf6+ 67. Kc7 Qf7+ 68. Kb6 Qe6+ 69. Qc6 Qe3 70. Qc5 Qe6+ 71. Ka5 Qe1+
72. Kb5 Qe2+ 73. Kc6 Qe8+ 74. Kb7 Qd7+ 75. Kb6 Qe6+ 76. Ka7 Qd7+ 77. Kb8 Qd8+
1/2-1/2

[Event "2022 Mary Thomson Cup (Division C)"]
[Site "Woodvale, Perth WA AUS"]
[Date "2022.02.23"]
[Round "4"]
[White "Powell, Darren"]
[Black "Lanham, Bruce"]
[Result "0-1"]
[WhiteElo "1210"]
[BlackElo "1220"]
[PlyCount "128"]
[EventDate "2022.02.02"]
[EventType "tourn"]
[EventRounds "7"]
[EventCountry "AUS"]

1. e4 c6 2. Nf3 d5 3. e5 Bf5 4. d4 e6 5. a3 Nd7 6. Bg5 Be7 7. Qd2 Bxg5 8. Nxg5
h6 9. Nf3 Ne7 10. Nc3 O-O 11. O-O-O c5 12. Nb5 Nc8 13. h3 a6 14. Nd6 Nxd6 15.
exd6 cxd4 16. Nxd4 Bh7 17. Bd3 Bxd3 18. Qxd3 Rc8 19. f4 Nc5 20. Qg3 Ne4 21. Qe3
Qxd6 22. f5 e5 23. Ne2 f6 24. Ng3 Nxg3 25. Qxg3 Rfd8 26. Qb3 b5 27. Rhe1 Kf8
28. Re4 d4 29. Qg3 Qe7 30. Rd3 Rc7 31. Kb1 b4 32. Rg4 Qd6 33. Re4 Qc6 34. Qf2
Qxe4 35. Qd2 Qb7 36. Rb3 a5 37. c3 d3 38. cxb4 a4 39. Rxd3 Rxd3 40. Qxd3 Rd7
41. Qc2 Qd5 42. Qxa4 Qd1+ 43. Qxd1 Rxd1+ 44. Kc2 Rg1 45. g4 Ke7 46. b5 Kd6 47.
Kc3 Kc5 48. a4 Rg3+ 49. Kc2 e4 50. b4+ Kxb4 51. b6 Rc3+ 52. Kd2 Rd3+ 53. Ke2
Kxa4 54. b7 Rb3 55. b8=Q Rxb8 56. Ke3 Rb4 57. h4 Kb5 58. Kf4 Kc5 59. g5 e3+ 60.
Kxe3 Rxh4 61. gxh6 gxh6 62. Kf3 Kd5 63. Kg3 Ra4 64. Kh3 Ke5 0-1

[Event "2022 Mary Thomson Cup (Division C)"]
[Site "Woodvale, Perth WA AUS"]
[Date "2022.02.23"]
[Round "4"]
[White "Brooke, John"]
[Black "Knight, Charles"]
[Result "0-1"]
[WhiteElo "1291"]
[BlackElo "1322"]
[PlyCount "48"]
[EventDate "2022.02.02"]
[EventType "tourn"]
[EventRounds "7"]
[EventCountry "AUS"]

1. c4 c6 2. Nc3 d5 3. b3 Bf5 4. d3 d4 5. Ne4 Nd7 6. Ng3 Bg6 7. e4 Ngf6 8. Nf3
e5 9. Nh4 Nxe4 10. Nxg6 Bb4+ 11. Bd2 Bxd2+ 12. Qxd2 Nxd2 13. Nxh8 Qa5 14. Ke2
g6 15. Nxf7 Kxf7 16. f3 Re8 17. Ne4 Nxe4 18. fxe4 b5 19. g3 bxc4 20. bxc4 Nc5
21. Bh3 Rb8 22. Rhf1+ Kg7 23. Kf2 Rb2+ 24. Kg1 Qd2 0-1

[Event "2022 Mary Thomson Cup (Division C)"]
[Site "Woodvale, Perth WA AUS"]
[Date "2022.02.23"]
[Round "4"]
[White "Massam, Justin"]
[Black "Michael, Ashley"]
[Result "0-1"]
[WhiteElo "1424"]
[BlackElo "1334"]
[PlyCount "54"]
[EventDate "2022.02.02"]
[EventType "tourn"]
[EventRounds "7"]
[EventCountry "AUS"]

1. d4 c5 2. Nf3 cxd4 3. Nxd4 d5 4. Nc3 Nf6 5. b3 e5 6. Nf3 Nc6 7. e3 Bb4 8. Bd2
O-O 9. Bb5 Qc7 10. a3 Bd6 11. Bc1 a6 12. Be2 e4 13. Nd4 Nxd4 14. Nxd5 Nxc2+ 15.
Kf1 Nxd5 16. Qxd5 Nxa1 17. Bb2 Nc2 18. Qxe4 Nxa3 19. Qd4 f6 20. Bd3 Be5 21.
Qd5+ Qf7 22. Qe4 g6 23. Bxa3 Bf5 24. Qc4 Bxd3+ 25. Qxd3 Rfd8 26. Qb1 Qd5 27. g3
Qxh1+ 0-1

[Event "2022 Mary Thomson Cup (Division C)"]
[Site "Woodvale, Perth WA AUS"]
[Date "2022.02.23"]
[Round "4"]
[White "Boswarva, Ernest"]
[Black "Hounsome, David"]
[Result "1-0"]
[WhiteElo "1423"]
[BlackElo "1378"]
[PlyCount "77"]
[EventDate "2022.02.02"]
[EventType "tourn"]
[EventRounds "7"]
[EventCountry "AUS"]

1. d4 d5 2. e3 Nf6 3. Bd3 g6 4. Nf3 Bg7 5. O-O Nbd7 6. b3 e5 7. dxe5 Ng4 8. Bb2
Ngxe5 9. Nxe5 Nxe5 10. Qc1 O-O 11. Be2 c6 12. f4 Ng4 13. Bxg7 Kxg7 14. c4 d4
15. Bxg4 Bxg4 16. Qb2 c5 17. h3 Bf5 18. Rd1 Kg8 19. exd4 Qf6 20. Rd2 Rfe8 21.
Nc3 Re7 22. Nd5 Qd6 23. Nxe7+ Qxe7 24. d5 Qe3+ 25. Rf2 Re8 26. Qd2 Qxd2 27.
Rxd2 Be4 28. Re1 f5 29. g4 Kf7 30. Kf2 a6 31. gxf5 gxf5 32. Rg1 b5 33. h4 bxc4
34. bxc4 a5 35. h5 a4 36. a3 Rg8 37. h6 Rg6 38. Rxg6 Kxg6 39. d6 1-0

[Event "2022 Mary Thomson Cup (Division D)"]
[Site "Woodvale, Perth WA AUS"]
[Date "2022.02.23"]
[Round "4"]
[White "Rennie, Mike"]
[Black "Muller, Norbert"]
[Result "1-0"]
[WhiteElo "818"]
[BlackElo "1202"]
[PlyCount "39"]
[EventDate "2022.02.02"]
[EventType "tourn"]
[EventRounds "7"]
[EventCountry "AUS"]

1. e4 e5 2. d3 Nf6 3. Nf3 Nc6 4. Be2 d5 5. O-O dxe4 6. Ng5 exd3 7. Bxd3 Be7 8.
Bc4 Qxd1 9. Rxd1 Nd8 10. Re1 O-O 11. Rxe5 Re8 12. Bd3 g6 13. Nc3 Nc6 14. Re3
Bd7 15. Nb5 Rac8 16. Bc4 Rf8 17. b3 a6 18. Nc3 Rce8 19. Nd5 Bd6 20. Nxf6+ 1-0

[Event "2022 Mary Thomson Cup (Division D)"]
[Site "Woodvale, Perth WA AUS"]
[Date "2022.02.23"]
[Round "4"]
[White "Frankland, David"]
[Black "Young, Manfred"]
[Result "1-0"]
[WhiteElo "1003"]
[BlackElo "1127"]
[PlyCount "27"]
[EventDate "2022.02.02"]
[EventType "tourn"]
[EventRounds "7"]
[EventCountry "AUS"]

1. e4 e5 2. Nf3 Nc6 3. Bb5 a6 4. Bxc6 dxc6 5. d3 Bd6 6. Bd2 h6 7. a3 Nf6 8. h3
O-O 9. c4 b5 10. Bc3 Re8 11. c5 Bxc5 12. Nxe5 Nd7 13. Nxc6 Qf6 14. Bxf6 1-0

[Event "2022 Mary Thomson Cup (Division D)"]
[Site "Woodvale, Perth WA AUS"]
[Date "2022.02.23"]
[Round "4"]
[White "Gough, Sebastian"]
[Black "Markou, Victor"]
[Result "1-0"]
[WhiteElo "668"]
[BlackElo "1108"]
[PlyCount "119"]
[EventDate "2022.02.02"]
[EventType "tourn"]
[EventRounds "7"]
[EventCountry "AUS"]

1. d4 d5 2. Bf4 Nf6 3. Nf3 g6 4. e3 Nbd7 5. Bd3 Bg7 6. Nbd2 O-O 7. O-O Nh5 8.
h3 Nxf4 9. exf4 e6 10. Ne5 c5 11. Nxd7 Bxd7 12. dxc5 Bxb2 13. Rb1 Bd4 14. Rxb7
Bxc5 15. Nb3 Bb6 16. Ba6 Bc6 17. Rxb6 Qxb6 18. Qe2 Rab8 19. Rb1 Qc7 20. g3 Rb6
21. Nd2 Rxb1+ 22. Nxb1 Qb6 23. Qf1 Rb8 24. Nd2 Bb5 25. Bxb5 Qxb5 26. Qxb5 Rxb5
27. a3 Rb2 28. Nb3 Rxc2 29. Nd4 a6 30. Nxc2 Kf8 31. Nd4 Ke7 32. Kf1 Kd6 33. Ke2
f6 34. g4 e5 35. fxe5+ fxe5 36. Nf3 d4 37. Nd2 Kd5 38. Kd3 g5 39. f3 h6 40. Ne4
a5 41. Nf6+ Ke6 42. Ng8 a4 43. Nxh6 Kd5 44. Nf5 Kc5 45. h4 gxh4 46. Nxh4 Kd5
47. g5 Ke6 48. Ke4 Kf7 49. Nf5 Kg6 50. Nxd4 exd4 51. Kxd4 Kxg5 52. Kc4 Kf4 53.
Kb4 Kxf3 54. Kxa4 Ke4 55. Kb5 Kd5 56. a4 Kd6 57. Kb6 Kd7 58. Kb7 Kd6 59. a5 Kc5
60. a6 1-0

[Event "2022 Mary Thomson Cup (Division A)"]
[Site "Woodvale, Perth WA AUS"]
[Date "2022.03.02"]
[Round "5"]
[White "List, Ross"]
[Black "Maggs, Derwent"]
[Result "0-1"]
[WhiteElo "1826"]
[BlackElo "2292"]
[PlyCount "62"]
[EventDate "2022.02.02"]
[EventType "swiss"]
[EventRounds "7"]
[EventCountry "AUS"]

1. d4 e6 2. c4 f5 3. Nf3 Nf6 4. g3 Be7 5. Bg2 d6 6. O-O O-O 7. Nc3 a5 8. b3 Ne4
9. Bb2 Bf6 10. Qc2 Nxc3 11. Bxc3 Nc6 12. a3 e5 13. dxe5 dxe5 14. Rfd1 Qe8 15.
e3 Qh5 16. Ne1 f4 17. exf4 Bf5 18. Qb2 exf4 19. Nd3 Bxd3 20. Rxd3 Ne5 21. Rd5
Nf3+ 22. Bxf3 Qxf3 23. Bxf6 Rxf6 24. Rad1 fxg3 25. fxg3 Raf8 26. R5d3 Qe4 27.
Qd4 Qe2 28. Qd5+ Kh8 29. Qg2 Rf2 30. Qh3 h6 31. g4 R2f4 0-1

[Event "2022 Mary Thomson Cup (Division A)"]
[Site "Woodvale, Perth WA AUS"]
[Date "2022.03.02"]
[Round "5"]
[White "Maris, Rob"]
[Black "Plaganyi, Gyula"]
[Result "1/2-1/2"]
[WhiteElo "2093"]
[BlackElo "1748"]
[BlackTitle "CM"]
[PlyCount "45"]
[EventDate "2022.02.02"]
[EventType "swiss"]
[EventRounds "7"]
[EventCountry "AUS"]

1. c4 b6 2. Nc3 Nf6 3. d4 Bb7 4. Nf3 e6 5. a3 Be7 6. d5 O-O 7. e4 d6 8. Bd3 e5
9. b4 a5 10. Bb2 c5 11. bxc5 bxc5 12. Na4 Nbd7 13. Bc3 Nb6 14. Nxb6 Qxb6 15.
Rb1 Qc7 16. O-O Rfb8 17. Qd2 Bd8 18. Rb2 Bc8 19. Rfb1 a4 20. Ne1 Rxb2 21. Qxb2
Qa7 22. Nc2 Nd7 23. Ne3 1/2-1/2

[Event "2022 Mary Thomson Cup (Division A)"]
[Site "Woodvale, Perth WA AUS"]
[Date "2022.03.02"]
[Round "5"]
[White "Barry, David"]
[Black "Clarke, Daniel"]
[Result "0-1"]
[WhiteElo "1834"]
[BlackElo "1748"]
[PlyCount "112"]
[EventDate "2022.02.02"]
[EventType "swiss"]
[EventRounds "7"]
[EventCountry "AUS"]

1. e4 e5 2. Nf3 Nc6 3. Bb5 a6 4. Ba4 Nf6 5. O-O Nxe4 6. d4 exd4 7. Re1 d5 8.
Nxd4 Bd6 9. Nxc6 Bxh2+ 10. Kh1 Qh4 11. Rxe4+ dxe4 12. Qd8+ Qxd8 13. Nxd8+ Kxd8
14. Kxh2 Be6 15. Nc3 c5 16. Nxe4 b5 17. Nxc5 bxa4 18. Bg5+ Kc7 19. Nxa4 h6 20.
Be3 Kc6 21. b3 Rhe8 22. c4 Rad8 23. Kg3 Rd3 24. Rc1 Red8 25. Nb2 Rxe3+ 26. fxe3
Rd2 27. Nd1 Rxa2 28. Nf2 Rd2 29. Rc3 Kb6 30. Kf3 h5 31. Rd3 Bg4+ 32. Kg3 Rxd3
33. Nxd3 Bf5 34. Nf4 Bc2 35. b4 Bb3 36. c5+ Kb5 37. Nxh5 g6 38. Nf6 Kxb4 39. c6
Kc5 40. c7 Be6 41. Ne8 a5 42. Nf6 Kc6 43. Ne4 Kxc7 44. Kf4 Bd5 45. Nc3 Bxg2 46.
Kg5 Bf1 47. e4 Bc4 48. Kf6 Kc6 49. e5 Bb3 50. Ke7 g5 51. Kf6 g4 52. Ne2 a4 53.
Nd4+ Kd5 54. e6 fxe6 55. Nxe6 a3 56. Nf4+ Ke4 0-1

[Event "2022 Mary Thomson Cup (Division A)"]
[Site "Woodvale, Perth WA AUS"]
[Date "2022.03.02"]
[Round "5"]
[White "Stortz, Robert"]
[Black "Saxon, Marc"]
[Result "0-1"]
[WhiteElo "1938"]
[BlackElo "1979"]
[PlyCount "74"]
[EventDate "2022.02.02"]
[EventType "swiss"]
[EventRounds "7"]
[EventCountry "AUS"]

1. d4 Nf6 2. Nf3 g6 3. Bf4 Bg7 4. e3 c5 5. c3 d5 6. Bxb8 Rxb8 7. Qa4+ Nd7 8.
Qxa7 b6 9. Bb5 O-O 10. O-O Rb7 11. Qa4 Qc7 12. Nbd2 e5 13. Qb3 e4 14. Ne1 Qd6
15. Qd1 f5 16. f4 exf3 17. Qxf3 Nf6 18. h3 Bh6 19. Ba6 Re7 20. Bxc8 Bxe3+ 21.
Kh1 Rxc8 22. dxc5 bxc5 23. Rd1 Nh5 24. Rf2 Rce8 25. Nc4 Bxf2 26. Nxd6 Rxe1+ 27.
Kh2 Bg3+ 28. Qxg3 Nxg3 29. Rxe1 Rxe1 30. Kxg3 Re2 31. Nb7 Rxb2 32. Nxc5 Rxa2
33. Nd3 Ra3 34. Nf4 Rxc3+ 35. Kf2 d4 36. Ke2 g5 37. Ne6 Re3+ 0-1

[Event "2022 Mary Thomson Cup (Division B)"]
[Site "Woodvale, Perth WA AUS"]
[Date "2022.03.16"]
[Round "5"]
[White "Hintz, Steven"]
[Black "Walker, Colin"]
[Result "0-1"]
[WhiteElo "1558"]
[BlackElo "1425"]
[PlyCount "157"]
[EventDate "2022.02.02"]
[EventType "tourn"]
[EventRounds "7"]
[EventCountry "AUS"]

1. c4 c6 2. d4 d5 3. Nf3 Nf6 4. e3 g6 5. Nc3 Bd7 6. Qb3 Qb6 7. Qxb6 axb6 8.
cxd5 cxd5 9. Nb5 Na6 10. Bd2 Bc6 11. Bd3 Nd7 12. O-O e6 13. a3 Bxb5 14. Bxb5
Nc7 15. Bd3 Bd6 16. Ne1 O-O 17. f4 f5 18. Nf3 Nf6 19. Ne5 Rfd8 20. Rac1 Ne4 21.
Bxe4 dxe4 22. Nc4 Nd5 23. Rc2 Bf8 24. Rfc1 Bg7 25. Kf2 Rd7 26. Ne5 Bxe5 27.
dxe5 Rad8 28. Ke2 Kf8 29. Rc8 Kg7 30. Rxd8 Rxd8 31. Bc3 h6 32. Bd4 Rd7 33. h3
h5 34. g3 Kf7 35. Kd2 Ke7 36. Rg1 Kf7 37. Rc1 Ke7 38. Rc8 Rd8 39. Rc4 Ra8 40.
Rc1 Kd7 41. Rg1 Rg8 42. g4 hxg4 43. hxg4 Re8 44. gxf5 gxf5 45. Kc2 Kc6 46. Kb3
Rd8 47. Rg6 Re8 48. Kc4 Nc7 49. b4 Kd7 50. Bxb6 Nd5 51. Bd4 Rc8+ 52. Kb3 b5 53.
Bc5 Ra8 54. Rg7+ Kc6 55. Rg6 Kd7 56. Rg7+ Kc6 57. Rg3 Kd7 58. Rg7+ Kc6 59. Rh7
Rb8 60. Rh6 Kd7 61. Rh2 Ra8 62. Ra2 Ra4 63. Rh2 Kc6 64. Rh7 Nc7 65. Re7 Ra8 66.
Rg7 Nd5 67. Rg6 Kd7 68. Rg7+ Kc6 69. Rg2 Kd7 70. Rg3 Kc6 71. Bd4 Kd7 72. Rg2
Nc7 73. Rc2 Rc8 74. Bb6 Nd5 75. Rxc8 Kxc8 76. a4 Nxb6 77. axb5 Kc7 78. Kc3 Nd5+
79. Kd4 0-1

[Event "2022 Mary Thomson Cup (Division B)"]
[Site "Woodvale, Perth WA AUS"]
[Date "2022.03.02"]
[Round "5"]
[White "Weijermars, Tristan"]
[Black "Doshi, Chirag"]
[Result "0-1"]
[WhiteElo "1459"]
[BlackElo "1760"]
[PlyCount "94"]
[EventDate "2022.02.02"]
[EventType "tourn"]
[EventRounds "7"]
[EventCountry "AUS"]

1. Nc3 d5 2. e4 d4 3. Nce2 e5 4. Nf3 Bd6 5. Ng3 c5 6. Bc4 h6 7. d3 Ne7 8. Bd2
O-O 9. Qe2 a6 10. a3 Nbc6 11. O-O Bg4 12. h3 Be6 13. Bxe6 fxe6 14. Nh2 Ng6 15.
Qg4 Qe8 16. Nh5 Qf7 17. f3 Nf4 18. Nxf4 exf4 19. Qh4 Be7 20. Qf2 e5 21. b3 Qh5
22. Rfd1 Bh4 23. Qe2 Rf6 24. Be1 Rg6 25. Bxh4 Qxh4 26. Ng4 h5 27. Qf2 Qg5 28.
Nh2 Nd8 29. Nf1 Ne6 30. Nd2 Qf6 31. b4 b6 32. bxc5 bxc5 33. Rab1 Rg3 34. Nf1
Rg6 35. Rb2 Ng5 36. Kh1 Rc8 37. Rdb1 Nf7 38. Rb6 Rc6 39. Rxc6 Qxc6 40. Nd2 Rg3
41. Nc4 Qf6 42. Rb6 Qh4 43. Kg1 Qxh3 44. Rxa6 Qd7 45. Qe1 Qe7 46. Kf2 Qh4 47.
Qg1 Rg6+ 0-1

[Event "2022 Mary Thomson Cup (Division B)"]
[Site "Woodvale, Perth WA AUS"]
[Date "2022.03.02"]
[Round "5"]
[White "Oswald, Franz"]
[Black "Leech, Martin"]
[Result "1-0"]
[WhiteElo "1505"]
[BlackElo "1430"]
[PlyCount "77"]
[EventDate "2022.02.02"]
[EventType "tourn"]
[EventRounds "7"]
[EventCountry "AUS"]

1. d4 d5 2. c4 c6 3. Nf3 Nf6 4. Nc3 Bg4 5. Ne5 Nbd7 6. Nxg4 Nxg4 7. cxd5 cxd5
8. e4 Ngf6 9. e5 Ne4 10. Nxe4 dxe4 11. Qb3 Nb6 12. Bb5+ Nd7 13. Qd5 e6 14.
Qxd7+ Qxd7 15. Bxd7+ Kxd7 16. O-O f5 17. f3 exf3 18. Rxf3 g6 19. Bd2 Be7 20.
Bc3 Kc6 21. d5+ exd5 22. Rc1 Kd7 23. e6+ Kxe6 24. Bxh8 Rxh8 25. Rc7 Kf6 26. Rd3
Rd8 27. Kf1 b6 28. Rh3 h5 29. Rhc3 Bc5 30. Rxa7 d4 31. Rd3 Ke5 32. a3 Ke4 33.
Rd1 d3 34. b4 Be3 35. Re7+ Kd4 36. Re6 Rc8 37. Rd6+ Ke4 38. R6xd3 Rc3 39. Rxc3
1-0

[Event "2022 Mary Thomson Cup (Division C)"]
[Site "Woodvale, Perth WA AUS"]
[Date "2022.03.02"]
[Round "5"]
[White "Hounsome, David"]
[Black "Powell, Darren"]
[Result "0-1"]
[WhiteElo "1378"]
[BlackElo "1210"]
[PlyCount "56"]
[EventDate "2022.02.02"]
[EventType "tourn"]
[EventRounds "7"]
[EventCountry "AUS"]

1. b3 e5 2. Bb2 Nc6 3. e3 d5 4. Bb5 Nge7 5. Bxe5 Bd7 6. Bb2 a6 7. Bxc6 Bxc6 8.
Nf3 Ng6 9. O-O Qd7 10. d3 O-O-O 11. Nbd2 f6 12. Nd4 Ne7 13. c4 Rg8 14. a4 f5
15. c5 Qe8 16. N2f3 g5 17. Ne5 Bg7 18. Ndxc6 Nxc6 19. Nxc6 Qxc6 20. d4 Qg6 21.
Qd3 Rge8 22. g4 Rf8 23. b4 Qe6 24. gxf5 Rxf5 25. Rae1 Rf3 26. Qxh7 Qd7 27. e4
Rh8 28. Qg6 Qh3 0-1

[Event "2022 Mary Thomson Cup (Division C)"]
[Site "Woodvale, Perth WA AUS"]
[Date "2022.03.02"]
[Round "5"]
[White "Michael, Ashley"]
[Black "Boswarva, Ernest"]
[Result "1-0"]
[WhiteElo "1334"]
[BlackElo "1423"]
[PlyCount "55"]
[EventDate "2022.02.02"]
[EventType "tourn"]
[EventRounds "7"]
[EventCountry "AUS"]

1. e4 d6 2. Nf3 Nf6 3. Nc3 Nbd7 4. Bc4 h6 5. O-O c6 6. a4 e5 7. d4 Be7 8. Qe2
Qc7 9. Rd1 g5 10. h3 g4 11. hxg4 Nxg4 12. a5 Ndf6 13. Ne1 h5 14. f3 Nh6 15. Be3
h4 16. Qd2 Bf8 17. d5 Nh5 18. dxc6 bxc6 19. Bxh6 Rxh6 20. Nd3 h3 21. g4 Rg6 22.
Kh2 Bh6 23. Qf2 Nf4 24. Ne2 Qe7 25. Ndxf4 Bxf4+ 26. Nxf4 exf4 27. Qd2 Qh4 28.
Qxf4 1-0

[Event "2022 Mary Thomson Cup (Division C)"]
[Site "Woodvale, Perth WA AUS"]
[Date "2022.03.16"]
[Round "5"]
[White "Knight, Charles"]
[Black "Massam, Justin"]
[Result "1-0"]
[WhiteElo "1322"]
[BlackElo "1424"]
[PlyCount "67"]
[EventDate "2022.02.02"]
[EventType "tourn"]
[EventRounds "7"]
[EventCountry "AUS"]

1. e4 e5 2. Nf3 Nc6 3. Bb5 a6 4. Ba4 b5 5. Bb3 Nf6 6. O-O d6 7. c3 Nxe4 8. Bd5
Bb7 9. Bxe4 d5 10. Bc2 Bd6 11. d4 e4 12. Re1 O-O 13. Ng5 Be7 14. Qh5 h6 15. Nh3
Bf6 16. Be3 Ne7 17. Nd2 Bc8 18. Nf4 c6 19. Nb3 Kh7 20. Nc5 g6 21. Qd1 Nf5 22.
Bd2 Qd6 23. g3 b4 24. a4 a5 25. f3 Nxd4 26. cxd4 Bxd4+ 27. Be3 Qxc5 28. Bxd4
Qd6 29. fxe4 dxe4 30. Bxe4 Rd8 31. Bf2 Qf6 32. Qc2 Ra6 33. Rad1 Rg8 34. Bd4 1-0

[Event "2022 Mary Thomson Cup (Division C)"]
[Site "Woodvale, Perth WA AUS"]
[Date "2022.03.02"]
[Round "5"]
[White "Lanham, Bruce"]
[Black "Brooke, John"]
[Result "0-1"]
[WhiteElo "1220"]
[BlackElo "1291"]
[PlyCount "99"]
[EventDate "2022.02.02"]
[EventType "tourn"]
[EventRounds "7"]
[EventCountry "AUS"]

1. d4 d5 2. Nf3 h6 3. g3 Nf6 4. Bg2 c6 5. O-O e6 6. c4 dxc4 7. Ne5 Be7 8. Nxc4
O-O 9. Nbd2 Bd7 10. b3 Na6 11. a3 Nc7 12. Bb2 Ncd5 13. Ne5 Rc8 14. Nxd7 Qxd7
15. b4 Ng4 16. h3 Nde3 17. fxe3 Nxe3 18. Qb3 Nxf1 19. Rxf1 Qc7 20. Qf3 Rfd8 21.
e3 a5 22. Rc1 axb4 23. axb4 Bxb4 24. Ne4 Be7 25. Nc5 Qb6 26. Bc3 Bxc5 27. dxc5
Qxc5 28. Bb2 Qf5 29. Qf4 Qxf4 30. exf4 Rd2 31. Be5 Rcd8 32. Bc3 R2d5 33. Kh2
Ra8 34. h4 Ra3 35. Be1 Ra2 36. Kh3 h5 37. Rc3 Rd1 38. Re3 Rb1 39. g4 g6 40.
gxh5 gxh5 41. Rg3+ Kf8 42. Bc3 c5 43. Bf6 b5 44. Be5 Ke7 45. Bf3 c4 46. Be4 Re1
47. Bf3 b4 48. Rg2 Rxg2 49. Bxg2 Rxe5 50. fxe5 0-1

[Event "2022 Mary Thomson Cup (Division D)"]
[Site "Woodvale, Perth WA AUS"]
[Date "2022.03.02"]
[Round "5"]
[White "Markou, Victor"]
[Black "Rennie, Mike"]
[Result "1-0"]
[WhiteElo "1108"]
[BlackElo "818"]
[PlyCount "93"]
[EventDate "2022.02.02"]
[EventType "tourn"]
[EventRounds "7"]
[EventCountry "AUS"]

1. e4 e5 2. Nf3 d6 3. g3 Bg4 4. Bg2 Nf6 5. d3 d5 6. Nbd2 Bb4 7. c3 Bc5 8. Qa4+
c6 9. O-O O-O 10. Nxe5 Qb6 11. d4 Be2 12. Re1 Bb5 13. Qc2 Bd6 14. Nd3 Nbd7 15.
e5 Ne4 16. Nxe4 dxe4 17. Bxe4 Be7 18. Nf4 g6 19. e6 fxe6 20. Nxe6 Rf6 21. Bg2
Bc4 22. Nf4 Re8 23. Bh3 Qc7 24. Ne6 Qd6 25. Bf4 Qd5 26. Nc7 Qh5 27. Nxe8 Rf8
28. Be6+ Kh8 29. Bxd7 Rf7 30. Be5+ Kg8 31. Be6 Bxe6 32. Nd6 Bd5 33. Ne4 Qf5 34.
c4 Qf3 35. cxd5 Bb4 36. Re2 cxd5 37. Ng5 Qf5 38. Nxf7 Qxf7 39. Qc8+ Bf8 40. Qd8
Qf3 41. Rae1 Kf7 42. Qd7+ Be7 43. Bf4 g5 44. Qxe7+ Kg6 45. Qxg5+ Kf7 46. Re7+
Kf8 47. Qg7# 1-0

[Event "2022 Mary Thomson Cup (Division D)"]
[Site "Woodvale, Perth WA AUS"]
[Date "2022.03.02"]
[Round "5"]
[White "Young, Manfred"]
[Black "Gough, Sebastian"]
[Result "1/2-1/2"]
[WhiteElo "1127"]
[BlackElo "668"]
[PlyCount "51"]
[EventDate "2022.02.02"]
[EventType "tourn"]
[EventRounds "7"]
[EventCountry "AUS"]

1. d4 d5 2. Nc3 Nf6 3. Bg5 g6 4. h3 Bg7 5. Nf3 O-O 6. Bxf6 Bxf6 7. e3 Nc6 8. a3
Be6 9. Bd3 Bg7 10. O-O a6 11. Re1 Re8 12. Ng5 Qd6 13. Ne2 Rad8 14. Nf4 Bc8 15.
Qf3 Bh6 16. Nxf7 Kxf7 17. Nxd5+ Kg7 18. Bc4 Rf8 19. Qe4 Bf5 20. Qf3 Bxc2 21.
Qe2 Be4 22. Nf4 Bxf4 23. exf4 Qxd4 24. Qxe4 Qxe4 25. Rxe4 Rd4 26. Rxd4 1/2-1/2

[Event "2022 Mary Thomson Cup (Division A)"]
[Site "Woodvale, Perth WA AUS"]
[Date "2022.03.16"]
[Round "6"]
[White "Maggs, Derwent"]
[Black "Clarke, Daniel"]
[Result "1-0"]
[WhiteElo "2292"]
[BlackElo "1748"]
[PlyCount "73"]
[EventDate "2022.02.02"]
[EventType "swiss"]
[EventRounds "7"]
[EventCountry "AUS"]

1. d4 d5 2. c4 e6 3. Nc3 Nf6 4. cxd5 exd5 5. Bg5 Nbd7 6. e3 Be7 7. Bd3 h6 8.
Bh4 O-O 9. Nge2 c6 10. Qc2 Re8 11. O-O Ne4 12. Bxe7 Qxe7 13. Rae1 Ndf6 14. f3
Nxc3 15. Nxc3 Bd7 16. Qf2 Qd6 17. a3 a5 18. Na4 Rab8 19. Rb1 Re7 20. Rfe1 b6
21. b4 axb4 22. axb4 b5 23. Nc5 Be8 24. Bc2 Ra8 25. h3 Nd7 26. e4 Nb6 27. e5
Qb8 28. f4 Bd7 29. f5 Qe8 30. f6 Re6 31. Nxe6 Qxe6 32. fxg7 Nc4 33. Ra1 Ra3 34.
Rxa3 Nxa3 35. Bd3 Nc4 36. Ra1 Qe7 37. Qf6 1-0

[Event "2022 Mary Thomson Cup (Division A)"]
[Site "Woodvale, Perth WA AUS"]
[Date "2022.03.09"]
[Round "6"]
[White "Plaganyi, Gyula"]
[Black "Davoll, Josh"]
[Result "1/2-1/2"]
[WhiteElo "1748"]
[WhiteTitle "CM"]
[BlackElo "1818"]
[PlyCount "72"]
[EventDate "2022.02.02"]
[EventType "swiss"]
[EventRounds "7"]
[EventCountry "AUS"]

1. e4 c5 2. Nf3 g6 3. d4 cxd4 4. Nxd4 Nc6 5. Be3 Nf6 6. Nc3 d6 7. Bc4 Bg7 8. h3
O-O 9. O-O Nxe4 10. Nxe4 d5 11. Nxc6 bxc6 12. Bd3 dxe4 13. Bxe4 Qc7 14. c3 Be6
15. Qf3 Rab8 16. Bf4 Be5 17. Bxe5 Qxe5 18. b3 Bd5 19. Rfe1 Bxe4 20. Qxe4 Qxe4
21. Rxe4 e6 22. Rd1 Rfd8 23. Red4 Rxd4 24. Rxd4 Rb7 25. Kf1 Kf8 26. Ke2 Ke7 27.
Kd3 e5 28. Re4 Rd7+ 29. Kc2 Rd5 30. Ra4 Rd7 31. f4 Ke6 32. fxe5 Kxe5 33. Rc4
Rd6 34. Ra4 Rd7 35. Rc4 Rd6 36. Ra4 Rd7 1/2-1/2

[Event "2022 Mary Thomson Cup (Division A)"]
[Site "Woodvale, Perth WA AUS"]
[Date "2022.03.09"]
[Round "6"]
[White "Saxon, Marc"]
[Black "Maris, Rob"]
[Result "0-1"]
[WhiteElo "1979"]
[BlackElo "2093"]
[PlyCount "48"]
[EventDate "2022.02.02"]
[EventType "swiss"]
[EventRounds "7"]
[EventCountry "AUS"]

1. e4 c5 2. Nf3 Nc6 3. d4 cxd4 4. Nxd4 e6 5. Be3 Nf6 6. Bd3 a6 7. O-O Qc7 8.
Nb3 Be7 9. c4 d5 10. Nc3 dxc4 11. Bxc4 O-O 12. a4 Rd8 13. Qe2 Ne5 14. Nd2 Rxd2
15. Bxd2 Qxc4 16. Bg5 Bd7 17. Qxc4 Nxc4 18. b3 Ne5 19. f4 Neg4 20. Kh1 Bb4 21.
Na2 Bc5 22. e5 Ne4 23. Bh4 Bc6 24. Rac1 Ngf2+ 0-1